Name the Adult Cartoons TV Shows (by picture) - Statistics

General Stats
  • This quiz has been taken 168 times
  • The average score is 12 of 18
Answer Stats
Picture Answer % Correct
South Park
94%
The Simpsons
94%
Family Guy
93%
Rick and Morty
92%
American Dad!
87%
Bob's Burgers
86%
Futurama
85%
BoJack Horseman
80%
Beavis and Butt-Head
79%
Big Mouth
69%
The Cleveland Show
68%
King of the Hill
67%
Regular Show
67%
The Boondocks
62%
Archer
51%
Solar Opposites
31%
F Is for Family
26%
The Venture Bros.
18%
No matching quizzes found
Score Distribution
Percent of People with Each Score
Percentile by Number Answered
Your Score History
You have not taken this quiz